[Event "New Delhi Matrix Cup 4th"]
[Site "New Delhi"]
[Date "2025.01.04"]
[Round "3"]
[White "Pragun, Kohli"]
[Black "Shaurya, Chaudhary"]
[Result "1/2-1/2"]
[WhiteElo "1606"]
[BlackElo "1889"]
[PlyCount "49"]
[EventDate "2025.01.03"]
[EventType "swiss"]
[EventRounds "9"]
[EventCountry "IND"]
[SourceTitle "CB03_2025"]
[SourceDate "2025.01.15"]
[SourceVersion "1"]
[SourceVersionDate "2025.01.15"]
[SourceQuality "1"]

1. c4 e6 2. Nc3 d5 3. e3 Nf6 4. b3 c5 5. cxd5 exd5 6. d4 cxd4 7. Qxd4 a6 8. Nf3 Nc6 9. Qd2 Bb4 10. Bb2 Ne4 11. Qc2 Qa5 12. Rc1 Bf5 13. Bd3 Bxc3+ 14. Bxc3 Nb4 15. Bxb4 Qxb4+ 16. Ke2 0-0 17. Bxe4 Bxe4 18. Qc5 Qb5+ 19. Qxb5 axb5 20. Ra1 Ra5 21. Rhd1 Bc2 22. Rdc1 Be4 23. Rd1 Rc8 24. Rd2 b4 25. g3 1/2-1/2